ARRUPE JESUIT UNIVERSITY

CORONAVIRUS -STOP THE SPREAD - CLEAN,DISINFECT,COVER

Gagné-gagné, perdu-perdu : (Record no. 118825)

MARC details
000 -LEADER
fixed length control field 00741cam a2200241 a 4500
001 - CONTROL NUMBER
control field 12189403
003 - CONTROL NUMBER IDENTIFIER
control field ARRUPE
005 - DATE AND TIME OF LATEST TRANSACTION
control field 20131127171410.0
008 - FIXED-LENGTH DATA ELEMENTS--GENERAL INFORMATION
fixed length control field 000501s1999 iv 000 j fre d
010 ## - LIBRARY OF CONGRESS CONTROL NUMBER
LC control number 00420413
020 ## - INTERNATIONAL STANDARD BOOK NUMBER
International Standard Book Number 2863943340
035 ## - SYSTEM CONTROL NUMBER
System control number (OCoLC)ocm43956572
040 ## - CATALOGING SOURCE
Original cataloging agency NYP
Transcribing agency NYP
Modifying agency UIU
-- DLC
042 ## - AUTHENTICATION CODE
Authentication code lccopycat
050 00 - LIBRARY OF CONGRESS CALL NUMBER
Classification number PR9371.9G6
Item number G3 1999
300 ## - PHYSICAL DESCRIPTION
Dimensions 19 cm.
100 1# - MAIN ENTRY--PERSONAL NAME
Personal name Niantié Lou, G.
Fuller form of name (Goley)
9 (RLIN) 4324
245 10 - TITLE STATEMENT
Title Gagné-gagné, perdu-perdu :
Remainder of title nouvelles /
Statement of responsibility, etc Lou Goley Niantié.
260 ## - PUBLICATION, DISTRIBUTION, ETC. (IMPRINT)
Place of publication, distribution, etc [Abidjan?] :
Name of publisher, distributor, etc CEDA,
Date of publication, distribution, etc c1999.
300 ## - PHYSICAL DESCRIPTION
Extent 261 p. ;
906 ## - LOCAL DATA ELEMENT F, LDF (RLIN)
a 7
b cbc
c copycat
d 4
e ncip
f 20
g y-gencatlg
942 ## - ADDED ENTRY ELEMENTS (KOHA)
Source of classification or shelving scheme Library of Congress Classification
Koha item type Monograph ( Printed materials)
Holdings
Withdrawn status Lost status Source of classification or shelving scheme Damaged status Not for loan Collection code Home library Current library Shelving location Date acquired Total Checkouts Full call number Barcode Date last seen Price effective from Koha item type
    Library of Congress Classification     Main Collection ARRUPE LIBRARY ARRUPE LIBRARY Main Collection 27/11/2013   PR9371.9G6 G3 1999 46410376 27/11/2013 27/11/2013 Monograph ( Printed materials)

 

Arrupe Library. PO Box MP320 Mt Pleasant, Harare, Zimbabwe
263 242 745411|librarian@aju.ac.zw